Relief of naval officers and others. Letter from the Secretary of the Treasury, transmitting a letter from the Secretary of the Navy, asking that certain naval officers and others be relieved of checkages against their accounts in office of the Fourth Auditor.

Bibliographic Details
Corporate Authors: United States. Congress. House. Committee on Expenditures in the Navy Department, ProQuest (Firm)
Format: eBook
Language:English
Published: Washington : [publisher not identified], 1890.
Series:United States congressional serial set.
Subjects:
Online Access:Connect to the full text of this electronic book

MARC

Tag First Indicator Second Indicator Subfields
LEADER 00000cam a22000001a 4500
001 in00002949521
005 20190401190250.0
006 m o d
007 cr un mmmapmmp
008 070108s1890 dcu o f000 0 eng d
035 |a cis2004066559 
040 |a UMI  |c UMI  |d UtOrBLW 
043 |a n-us--- 
099 |a ProQuest Serial Set Number 2746 H.exdoc.203 
110 1 |a United States.  |b Congress.  |b House.  |b Committee on Expenditures in the Navy Department. 
245 1 0 |a Relief of naval officers and others. Letter from the Secretary of the Treasury, transmitting a letter from the Secretary of the Navy, asking that certain naval officers and others be relieved of checkages against their accounts in office of the Fourth Auditor. 
246 1 |a Request that certain naval officers and others be relieved of checkage against their accounts in office of Fourth Auditor 
264 1 |a Washington :  |b [publisher not identified],  |c 1890. 
300 |a 1 online resource. 
336 |a text  |b txt  |2 rdacontent 
337 |a computer  |b c  |2 rdamedia 
338 |a online resource  |b cr  |2 rdacarrier 
490 0 |a H.exdoc.203 
500 |a Record is based on bibliographic data in ProQuest U.S. Serial Set Digital Collection (last viewed Jan. 2007). Reuse except for individual research requires license from ProQuest, LLC. 
510 3 |a ProQuest U.S. Serial Set Digital Collection 
500 |a Electronic resource. 
650 0 |a Accounting. 
650 0 |a Checking accounts. 
650 0 |a Navies  |x Officers. 
655 7 |a Electronic books.  |2 local 
710 2 |a ProQuest (Firm) 
830 0 |a United States congressional serial set. 
856 4 0 |u http://proxy.library.tamu.edu/login?url=http://congressional.proquest.com/congcomp/getdoc?SERIAL-SET-ID=2746+H.exdoc.203  |z Connect to the full text of this electronic book  |t 0 
999 |a MARS 
999 f f |s 38eeec92-dafc-3a83-b303-633ffcc21a6f  |i 81a23804-6d88-327a-976c-26df092e6cca  |t 0 
952 f f |a Texas A&M University  |b College Station  |c Electronic Resources  |d Available Online  |t 0  |e ProQuest Serial Set Number 2746 H.exdoc.203  |h Other scheme 
998 f f |a ProQuest Serial Set Number 2746 H.exdoc.203  |t 0  |l Available Online